Silent scream
| Main Author: | |
|---|---|
| Format: | Book |
| Published: |
London :
Pocket Books ,
2010
|
| Subjects: |
MARC
| LEADER | 00000cam a2200000 7i4500 | ||
|---|---|---|---|
| 001 | 0000148607 | ||
| 005 | 20110411.0 | ||
| 020 | |a 9781849830065 | ||
| 090 | 0 | 0 | |a F |b LAP |
| 100 | 1 | |a La Plante, Lynda | |
| 245 | 1 | 0 | |a Silent scream |c Lynda La Plante |
| 260 | |a London : |b Pocket Books , |c 2010 | ||
| 300 | |a 515p. ; |c 18cm. | ||
| 650 | 0 | 0 | |a Fiction |
| 999 | |a 00250006 |b BUKU |c PINJAMAN |e PERPUSTAKAAN KOMUNITI PETALING JAYA | ||